| 000 | 00868nam a22002057a 4500 | ||
|---|---|---|---|
| 999 |
_c6877 _d6877 |
||
| 003 | AR-CdUCM | ||
| 008 | 190319b ||||| |||| 00| 0 spa d | ||
| 040 |
_aMUNICIPALIDAD PROVINCIAL DEL CUSCO _cBIBLIOTECA MUNICIPAL DEL CUSCO |
||
| 082 |
_a624 / _bC29 |
||
| 100 |
_aMartinez, Heberto Castillo _919382 |
||
| 245 | _aNueva Teoría de las estructuras / | ||
| 260 |
_aMéxico : _bRepresentaciones y Servicios de Ingenieria , _c1975. |
||
| 300 |
_a370 páginas ; _c28.8 cm. |
||
| 505 | _aContenido : Invariantes en las Estructuras Articuladas -- Invariantes Estrcuturales -- Invariantes estrcuturales en la bara alaveada -- La ecucacion de la barra -- Ley de Capeyrón -- Ley de Hooke generalizada... | ||
| 650 |
_aEstructuras Matriciales _919383 |
||
| 650 |
_aIngenieria Civil _919181 |
||
| 650 |
_aEstudio de Estructuras _919384 |
||
| 942 |
_2ddc _cLIBROS |
||
| 945 | _artm | ||